| 000 | 00428nam a22001697a 4500 | ||
|---|---|---|---|
| 005 | 20241021103433.0 | ||
| 008 | 241021b |||||||| |||| 00| 0 eng d | ||
| 082 |
_a576.163 _bSAR-S |
||
| 100 | _aSariya Hiina | ||
| 245 |
_aShamim,s Clinico-Basic Microbiology / _cSariya Hiina |
||
| 250 | _a5th ed. | ||
| 260 |
_aPakistan _bRapid _c2020 |
||
| 300 |
_a257p. _bill; _c24cm. |
||
| 650 | _aMicrobiology | ||
| 999 |
_c36693 _d36693 |
||